000
00322nam a2200109Ia 4500
008
171204s9999 xx 000 0 und d
245
_a
Essential Cyber Security Handbook:
245
_c
Nam Nguyen
260
_c
2016
650
_x
FUNDAMENTALS OF INFORMATION SECURITY
856
_u
http://down.ebook777.com/046/B01M59TGT0.pdf
999
_c
347177
_d
347177